Kapesní dílenské tabulky /

Main Author: Janyš, Bohumil, 1907-1983
Other Authors: Glanc, František
Language: Czech
Published: Praha : Státní nakladatelství technické literatury, 1967
Edition: 2., přeprac. vyd.
Series: Řada strojírenské literatury
Physical Description: 9 s., [332] s. ; 8°
Book
Saved in:
LEADER 00980nam a22002892a 4500
001 001365590
003 CZ BrMZK
005 20140313102509.0
007 ta
008 140209s1967 xr er|||||||||||cze d
015 |a cnb000492647 
035 |a (OCoLC)42129335 
040 |a ABA001  |b cze  |c BOA001  |d ABA001  |d BOA001 
080 9 |a 621(083.5) 
100 1 |a Janyš, Bohumil,  |d 1907-1983  |7 jk01051189  |4 aut 
245 1 0 |a Kapesní dílenské tabulky /  |c Bohumil Janyš, František Glanc 
250 |a 2., přeprac. vyd. 
260 |a Praha :  |b Státní nakladatelství technické literatury,  |c 1967 
300 |a 9 s., [332] s. ;  |c 8° 
490 1 |a Řada strojírenské literatury 
500 |a 41200 výt. 
700 1 |a Glanc, František  |7 jk01032456  |4 aut 
830 0 |a Řada strojírenské literatury  |0 s 
910 |a BOA001  |b 2-0509.914-67 
990 |a BK 
991 |b 201402 
996 7 |b 2619047773  |c 2-0509.914-67  |l Sklad H1  |r Sklad / do 24 hodin  |n 1  |h HS212  |w 001400330  |u 000010  |a 1  |e BOA001  |j MZK50  |s A